000 01036cab a2200301 4500
001 ABS46700
008 090401t1992 xxu||||| |||| 00| 0 eng d
035 _a(Sirsi) u59266
041 _aeng
100 _aGautier, K.
245 _aCavity insulation to masonry walls
260 _c1992
350 _a0
490 _aCS Monthly
_bthe Building Surveyor
_v1(10) July 1992, 8-9(2)
520 _aConsiders masonry walling with cavity insulation describing the two main types: retrofit, which is introduced into the cavity after construction, and built-in, incorporated during construction. Discusses the problems of these two methods and includes a list of the relevant British Standards.
650 _aBRITISH STANDARDS
650 _aBS 5618
650 _aBS 6232 PART 2
650 _aBS 6676-2
650 _aBS 8208-1
650 _aCAVITY WALL INSULATION
650 _aCAVITY WALLS
650 _aDEFECTS
650 _aDESIGN
690 _aBUILT ENVIRONMENT-BUILDING MATERIALS
942 _n0
948 _c04/03/1997
999 _c36345
_d36345